Válogatás Machiavelli leveleiből
Elmentve itt :
| További közreműködők: | |
|---|---|
| Adatforrás: | Philobibl |
| Forrásdokumentuma: | Különbség 12.2012:1. p. 17-54. |
| Dokumentumtípus: | Cikk |
| Nyelv: | magyar |
| Kulcsszavak: | politikaelmélet |
| LEADER | 00862nab a2200241 c 4500 | ||
|---|---|---|---|
| 001 | bibPHI0042705 | ||
| 005 | 20200924124813.8 | ||
| 008 | 110525s2012 hu hun | ||
| 035 | |a human/philobibl/42704 | ||
| 245 | 0 | 0 | |a Válogatás Machiavelli leveleiből |c [lektorálta Dávid Kinga, Alessandro Rosselli ; ford. Dávid Kinga, Bibok Ágnes, Horváth Viktória, Turai Gabriella, Sztupkai Benjámin, Tekulics Judit, Sárközy Nikolett, Orbán Réka, Hegyi Szilvia] |
| 695 | |a politikaelmélet | ||
| 700 | 1 | |a Bibok Ágnes | |
| 700 | 1 | |a Horváth Viktória | |
| 700 | 1 | |a Turai Gabriella | |
| 700 | 1 | |a Sztupkai Benjámin | |
| 700 | 1 | |a Tekulics Judit | |
| 700 | 1 | |a Sárközy Nikolett | |
| 700 | 1 | |a Orbán Réka | |
| 700 | 1 | |a Hegyi Szilvia | |
| 700 | 1 | |a Machiavelli, N. | |
| 700 | 1 | |a Dávid Kinga | |
| 700 | 1 | |a Rossellini, A. | |
| 773 | 0 | |t Különbség |g 12.2012:1. p. 17-54. | |